| 000 | 00622nam a22001937a 4500 | ||
|---|---|---|---|
| 003 | TZ-ArACH | ||
| 005 | 20220926144426.0 | ||
| 008 | 220926b ||||| |||| 00| 0 eng d | ||
| 022 | _2978-3841786302 | ||
| 050 |
_aKQJ208 _b .H68 2012 |
||
| 100 | _aHounkpe, Julien-Coomlan | ||
| 245 |
_aDroit à un procès équitable au Bénin: _bles garanties en matière non pénale _c Julien-Coomlan Hounkpe |
||
| 260 |
_aSaarbrücken (Germany); _bEditions universitaires europeennes; _c2012. |
||
| 300 |
_a84 pages _c22 cm |
||
| 504 | _aBibliographies | ||
| 650 |
_aBenin _xDroit |
||
| 650 |
_aFair trial _92095 |
||
| 942 |
_2lcc _cBOOK |
||
| 999 |
_c6767 _d6767 |
||